000 01067nmm a2200313 a 4500
001 ocm0002347563
003 TR-IsHL
005 20201028185545.0
008 190822s2019 tu tur
007 cr cn
020 _a9786052813515
035 _a2347563
_b(N$T)
050 0 4 _aHD58.7
_b.G894 2019
090 0 4 _aHD58.7
_b.G894 2019
100 1 _aGüven, Bülent
245 1 0 _aSürdürülebilir örgütsel davranışların bilişsel uyarılması (SÖDBU)
_h[electronic resource] /
_cBülent Güven
250 _a1.Baskı
260 _aİstanbul :
_bHiperlink Yayınları,
_c2019
300 _a96 p.
500 _aKaynakça: sayfa 93-96
650 4 _aİşletme ve Yönetim
650 4 _aBusiness Management
650 0 _aÖrgütsel davranış
650 0 _aOrganizational behavior
650 0 _aÖrgütsel değişim
_x Yönetim
650 0 _aOrganizational change
650 7 _aBUSINESS & ECONOMICS / Organizational Behavior
_2bisacsh
856 4 0 _uhttp://search.ebscohost.com/login.aspx?direct=true&scope=site&db=e011xww&AN=2347563
999 _c21517
_d21517